000 00949nam a22001457a 4500
999 _c526773
_d526773
008 240624b ||||| |||| 00| 0 eng d
100 _aMüller, Ralf et al
_955141
245 _aArtificial intelligence and project management: Empirical overview, state of the art, and guidelines for future research
260 _aProject Management Journal
300 _a55(1), Feb, 2024: p. 9-15
520 _aDesk rejections of artificial intelligence (AI)–related submissions to the Project Management Journal® (PMJ) are high. This article provides an overview and state-of-the-art snapshot on academic and practitioner work to derive at potential future research topics and guidelines on the execution and reporting of AI-related studies in project management.- Reproduced https://journals.sagepub.com/doi/full/10.1177/87569728231225198#tab-contributors
773 _aProject Management Journal
906 _aPROJECT MANAGEMENT
942 _cAR